Tarikh-E-Europe (Record no. 3841)

MARC details
000 -LEADER
fixed length control field 00515nam a2200229 a 4500
020 ## - INTERNATIONAL STANDARD BOOK NUMBER
ISBN
082 00 - DEWEY DECIMAL CLASSIFICATION NUMBER
Classification number 940
Author Cutter GRA
100 ## - MAIN ENTRY--AUTHOR NAME
Author name Grant, A J
245 ## - TITLE STATEMENT
Title Tarikh-E-Europe
260 ## - PUBLICATION, DISTRIBUTION, ETC. (IMPRINT)
Place of publication Hyderabad
Name of publisher Jamia Osmania
Year of publication 1931
300 ## - PHYSICAL DESCRIPTION
Number of Pages 936p
500 ## - GENERAL NOTE
General note includes index and biblioraphy
505 2# - FORMATTED CONTENTS NOTE
Formatted contents note Index
942 ## - ADDED ENTRY ELEMENTS (KOHA)
Koha item type Books
700 1# -
-- Grant, A J
Holdings
Collection code Home library Current library Date acquired Cost, normal purchase price Full call number Accession Number Koha item type
  Henry Martyn Institute Library Henry Martyn Institute Library 04/02/2007 100.00 940 GRA 09858 Books
                   Copyright © 2026 | Henry Martyn Institute | Hyderabad | TS-500052 | INDIA | Implemented by hmi.edu.in
Hit-Count:

Powered by Koha